000
00243nam a22000857a 4500
999
_c
11182
_d
11182
008
181008b ||||| |||| 00| 0 eng d
100
_a
Goverment of India
_9
6941
245
_a
Economic Survey 2015 - 2016
260
_a
New Delhi
_b
Ministry Finance
_c
2016